Normal view
MARC view
Entry Personal Name
001 - CONTROL NUMBER
- control field: 3014
003 - CONTROL NUMBER IDENTIFIER
- control field: BD-RjUL
005 - DATE AND TIME OF LATEST TRANSACTION
- control field: 20220516122123.0
008 - FIXED-LENGTH DATA ELEMENTS
- fixed length control field: 220516|| aca||aabn | a|a d
040 ## - CATALOGING SOURCE
- Original cataloging agency: BD-RjUL
- Transcribing agency: BD-RjUL
100 ## - HEADING--PERSONAL NAME
- Personal name: Brenton, Howard,
- Dates associated with a name: 1942-
670 ## - SOURCE DATA FOUND
- Source citation: Work cat.: (BD-RjUL)79801: Brenton, Howard, 1942-, Magnificence /, 1973.